• 首页
  • 本馆介绍
  • 公告通知
  • 最新文献
  • 馆藏检索
  • 电子资源
  • 读者导购
  • 参考咨询
  • 我的图书馆
  • 登录
  • 详细信息显示
  • 放入我的书架
  • 预约/预借图书
  • 作者相关作品
  • 分类相关作品
  • 丛书相关作品
  • 出版社相关作品

书目信息

  • 表格格式
  • 工作单格式
  • 卡片格式
题名:
速记
    
 
作者: 范立荣 主编
分册:  
出版信息: 北京   中国人民大学出版社  2002
页数: 215页
开本: 24cm
丛书名:
单 册:
中图分类: H026.1
科图分类:
主题词: 速记
电子资源:
ISBN: 7-300-03902-2
000 00635nam0 2200217 45
001 0311070113
005 20031219104121.1
010    @a7-300-03902-2@dCNY17.00
100    @a20031107d2002 km y0chiy0120 ea
101 0  @achi
105    @a z 000yy
200 1  @a速记@ASu Ji@e教师用书@EJiao Shi Yong Shu@f范立荣主编@FFan Li Rong Zhu Bian
210    @a北京@c中国人民大学出版社@d2002
215    @a215页@d24cm
300    @a剑桥秘书证书考试指定教材
517    @a教师用书@AJiao Shi Yong Shu
606 0  @a速记
690    @aH026.1@v4
701  0 @a范立荣@4主编
801    @aCN@bTSTC@c20031107
905    @a213230@b327766-770@dH026.1@e53:2@f5
    
    速记:教师用书/范立荣主编.-北京:中国人民大学出版社,2002
    215页;24cm
    剑桥秘书证书考试指定教材
    
    ISBN 7-300-03902-2:CNY17.00
    
●
相关链接 在E读中查询图书 在五车中查询图书 在当当中查询图书 在豆瓣中查询图书


正题名:速记     索取号:H026.1/53:2         预约/预借

序号 登录号 条形码 馆藏地/架位号 状态 备注
1 0327766   203277667   第四借阅区/ [索取号:H026.1/53:2] 在馆    
2 0327767   203277676   第四借阅区/ [索取号:H026.1/53:2] 在馆    
3 0327768   203277685   第四借阅区/ [索取号:H026.1/53:2] 在馆    
4 0327769   203277694   第四借阅区/ [索取号:H026.1/53:2] 在馆    
5 0327770   203277701   第二样本阅览室/ [索取号:H026.1/53:2] 在馆    
唐山师范学院图书馆 欢迎您!
大连网信软件有限公司© 版权所有